000 01320nam0a22003011 4500
001 rc\1138758
005 20041129084202.8
035 _a(NLR Aleph) 006385421
090 _a5110878
_c5110878
100 _a20041129d1980 u |0rusy50 ca
101 0 _arus
102 _aRU
105 _aa |||||||||
200 1 _aВетеринарное акушерство и гинекология
_e[По спец. "Ветеринария"
_fА.П. Студенцов, В.С. Шипилов, Л.Г. Субботина, О.Н. Преображенский]
_gПод ред. В.С. Шипилова
205 _a5-е изд., испр. и доп.
210 _aМ.
_cКолос
_d1980
215 _a447 с.
_cил.
_d27
225 1 _aУчебники и учебные пособия для высших сельскохозяйственных учебных заведений
300 _aАвт. указаны на обороте тит. л.
300 _aАвт. 1-го изд.: А.П. Студенцов
320 _aПредм. указ.: с. 436-442
701 1 _aСтуденцов
_bА. П.
_gАндрей Петрович
702 1 _aШипилов
_bВ. С.
_gВасилий Семенович
_4340
801 0 _aRU
_bNLR
_gpsbo
801 1 _aRU
_bELAR
_2rusmarc
852 _aNLR
_j81-7/74
942 _cBOOK
980 _aNB